| 000 -CABECERA |
| fixed length control field |
01025nam a22002537a 4500 |
| 003 - IDENTIFICADOR DEL NÚMERO DE CONTROL |
| control field |
AR-CdUCM |
| 008 - DATOS DE LONGITUD FIJA--INFORMACIÓN GENERAL |
| fixed length control field |
190227b ||||| |||| 00| 0 spa d |
| 020 ## - NÚMERO INTERNACIONAL ESTÁNDAR DEL LIBRO |
| ISBN |
922300991 |
| 040 ## - FUENTE DE LA CATALOGACIÓN |
| Agencia/entidad que catalogó originalmente la obra |
MUNICIPALIDAD PROVINCIAL DEL CUSCO |
| Entidad que transcribió la catalogación |
BIBLIOTECA MUNICIPAL DEL CUSCO |
| 082 ## - NÚMERO DE LA CLASIFICACIÓN DECIMAL DEWEY |
| No. de la edición |
1ra. ed. |
| No. de Clasificación |
331.88041 / |
| Notacion interna |
O36 |
| 110 ## - ENTRADA PRINCIPAL--NOMBRE DE ENTIDAD CORPORATIVA |
| Nombre de la institución, jurisdicción como entrada principal |
Oficina Internacional del Trabajo |
| 9 (RLIN) |
6320 |
| 245 ## - MENCIÓN DE TÍTULO |
| Título |
La Gestion Obrera de las Empresas en Yugoslavia / |
| Mención de responsabilidad |
Oficina Internacional del Trabajo |
| 260 ## - PUBLICACIÓN, DISTRIBUCIÓN, ETC. |
| Lugar de publicación, distribución, etc. |
Ginebra, Suiza: |
| Nombre de la editorial, distribuidor, etc. |
Lausana , |
| Fecha de publicación, distribución, etc. |
1962 |
| 300 ## - DESCRIPCIÓN FÍSICA |
| Nº de Páginas Extensión |
355 paginas / |
| Dimensiones |
24 cm. |
| 440 ## - MENCIÓN DE SERIE/PUNTO DE ACCESO ADICIONAL--TÍTULO |
| Título |
Estudios y Documentos, nueva serie |
| Número de la parte/sección de una obra |
64 |
| 9 (RLIN) |
6321 |
| 505 ## - NOTA DE CONTENIDO CON FORMATO |
| Nota de contenido formateada |
Ambiente en el que se desarrolla la gestion obrera -- La empresa y sus organos de gestion -- La Gestion obrera y su ejercicio... |
| 650 ## - PUNTO DE ACCESO ADICIONAL DE MATERIA--TÉRMINO DE MATERIA |
| Descriptor |
Proletariado. |
| 9 (RLIN) |
4333 |
| 650 ## - PUNTO DE ACCESO ADICIONAL DE MATERIA--TÉRMINO DE MATERIA |
| Descriptor |
Gestion Obrera. |
| 9 (RLIN) |
6322 |
| 650 ## - PUNTO DE ACCESO ADICIONAL DE MATERIA--TÉRMINO DE MATERIA |
| Descriptor |
Administracion de Empresas. |
| 9 (RLIN) |
6082 |
| 650 ## - PUNTO DE ACCESO ADICIONAL DE MATERIA--TÉRMINO DE MATERIA |
| Descriptor |
Gestion Industrial. |
| 9 (RLIN) |
6323 |
| 710 ## - PUNTO DE ACCESO ADICIONAL--NOMBRE DE ENTIDAD CORPORATIVA |
| Nombre corporativo (En letras Mayúsculas) |
Oficina Internacional del Trabajo |
| Título del trabajo |
nuevas serie |
| 9 (RLIN) |
6324 |
| 942 ## - ELEMENTOS DE PUNTO DE ACCESO ADICIONAL (KOHA) |
| Fuente de clasificación |
|
| Tipo de item |
Libros-BMC |
| 945 ## - PROCESAMIENTO DE INFORMACIÓN LOCAL (OCLC) |
| Catalogador |
rtm |
| AAAA-MM-DD - Fecha de ingreso o modificacion |
2019-02-27 |